000 00273nam a22001097a 4500
082 _a341
100 _aAgarwal, H.O.
245 _aInternational Law /
_cH.O. Agarwal
300 _a872 p. ;
_c24cm.
942 _2ddc
_cBK
999 _c540989
_d540989